LIBRARY & INFORMATION CENTRE, KCAET, TAVANUR

ONLINE PUBLIC ACCESS CATALOGUE (OPAC)

Corporate Energy Management Manual (Record no. 19036)

MARC details
000 -LEADER
fixed length control field 00319nam a22001217a 4500
003 - CONTROL NUMBER IDENTIFIER
control field OSt
008 - FIXED-LENGTH DATA ELEMENTS--GENERAL INFORMATION
fixed length control field 250116b |||||||| |||| 00| 0 eng d
041 ## - LANGUAGE CODE
Language code of text/sound track or separate title eng
100 ## - MAIN ENTRY--AUTHOR NAME
Personal name Association of Energy Engineers
245 ## - TITLE STATEMENT
Title Corporate Energy Management Manual
260 ## - PUBLICATION, DISTRIBUTION, ETC. (IMPRINT)
Place of publication Georgia:
Name of publisher Fair Merint Press,
Year of publication 1979
942 ## - ADDED ENTRY ELEMENTS (KOHA)
Koha item type Books
Holdings
Withdrawn status Lost status Damaged status Home library Current library Date acquired Source of acquisition Cost, normal purchase price Accession Number Koha item type Public note
Withdrawn     KAUAET KAUAET 16/01/2025 Standard Book House, Thrissur. 59.40 15379 Books Withdrawn as per order no A3-2133/86
free website counter